Extenzívna a intenzívna veličina práce v podmienkach vedecko-technického pokroku

Bibliographic Details
Main Author: Klimov, N. (Author)
Other Authors: Takácsová, A. (Translator)
Format: Article
Language:Slovak
Subjects:

MARC

LEADER 00000nab a2200000Ia 4500
001 vtls010816096
003 SK-MaSNL
005 20260303203700.0
008 230218|1972 xo |||||||||||||||||slo|
035 |a (urnnbn)urn:nbn:sk:snk:ar-a0545k 
035 |a urn:nbn:sk:snk-ab5kjv 
035 |a (uuid)411140ae-5c7f-4b2e-9d61-754185947120 
040 |a SNKBUCL  |b slo  |c SNKBUCL  |e AACR2 
041 0 |a slo 
044 |a xo  |c SK 
080 |a 331  |2 2001 
080 |a 330.341.1  |2 2001 
100 1 |a Klimov, N.  |4 aut  |9 1236437 
245 1 0 |a Extenzívna a intenzívna veličina práce v podmienkach vedecko-technického pokroku  |c N. Klimov, A. Takácsová 
504 |a Bibliogr. odkazy 
650 0 7 |a práca  |2 SNKPH  |9 2337 
650 0 7 |a vedecko-technický rozvoj  |2 SNKPH  |9 3999 
650 0 7 |a ekonomická efektívnosť  |2 SNKPH  |9 74879 
700 1 |a Takácsová, A.  |4 trl  |9 1236438 
773 0 |t Ekonomický časopis : časopis pre ekonomickú teóriu, hospodársku politiku, spoločensko-ekonomické prognózovanie  |g Roč. 20, č. 4 (1972), s. [381]-390 
954 |a odborná, vedecká literatúra pôvodná (slovenská)  |2 lita 
958 |a NB 
958 |a OND 
958 |a EUIPO 
958 |a article5 
999 |c 2186647  |d 2188577